| 000 | 00928nam a22003017a 4500 | ||
|---|---|---|---|
| 999 |
_c28014 _d27985 |
||
| 003 | EG-ScBUE | ||
| 005 | 20200210095437.0 | ||
| 008 | 200209t2013 ii a f d 000 0 eng d | ||
| 020 | _a9788126562909 | ||
| 040 |
_aEG-ScBUE _beng _erda _cEG-ScBUE _dEG-ScBUE |
||
| 082 | 0 | 4 |
_a658.404 _bBUR _222 |
| 100 | 1 |
_aBurke, Rory, _d1952- _eauthor. |
|
| 245 | 1 | 0 |
_aProject management : _bplanning and control techniques / _cRory Burke. |
| 250 | _aFifth edition. | ||
| 264 | 1 |
_aNew Delhi : _bJohn Wiley and Sons, Ltd, _c[2013] |
|
| 264 | 4 | _cc2013 | |
| 300 |
_a407 pages : _billustrations ; _c24 cm |
||
| 336 |
_2rdacontent _atext _btxt |
||
| 337 |
_2rdamedia _aunmediated _bn |
||
| 338 |
_2rdacarrier _avolume _bnc |
||
| 500 | _aIncludes index. | ||
| 500 | _aIncludes glossary. | ||
| 650 | 7 |
_aProject management. _2BUEsh |
|
| 653 |
_bHHUUEENN _cFebruary2020 |
||
| 655 | _vReading book | ||
| 942 |
_2ddc _cBB |
||